| 000 | 00445nam a22001697a 4500 | ||
|---|---|---|---|
| 003 | OSt | ||
| 005 | 20220415111440.0 | ||
| 008 | 220415b |||||||| |||| 00| 0 eng d | ||
| 020 | _a8179100685 | ||
| 040 | _cHU | ||
| 082 | _a628.168 | ||
| 100 |
_aMATHUR INDRA DR. _935984 |
||
| 245 |
_aINDUSTRIAL POLLUTION & ITS CONTROL _cDR. S. S. CHOUDHARY |
||
| 260 |
_aIndia _bAavishkar _c2004 |
||
| 300 |
_aVI, 200P. _bILL _c24CM. |
||
| 942 |
_2ddc _cBOOKS _n0 |
||
| 999 |
_c34847 _d34847 |
||